Los efectos en el Caribe de la actual crisis del capitalismo mundial
Guardado en:
| Autor principal: | |
|---|---|
| Formato: | Texto |
| Publicado: |
México :
|
| Etiquetas: |
Agregar Etiqueta
Sin Etiquetas, Sea el primero en etiquetar este registro!
|
MARC
| LEADER | 00000 a a2200000 04500 | ||
|---|---|---|---|
| 001 | 14617 | ||
| 003 | |||
| 040 | |a CRAI/IIS |c CRAI/IIS | ||
| 090 | |a 021600 | ||
| 100 | |a Pierre - Charles, Gerard | ||
| 245 | |a Los efectos en el Caribe de la actual crisis del capitalismo mundial | ||
| 260 | |a México : | ||
| 300 | |a 20 p. | ||
| 999 | |c 4476 |d 4476 | ||
